Asian Countries with Glaciers - Sudden Death - Statistics

General Stats
  • This quiz has been taken 690 times
    689 since last reset
  • The average score is 8 of 19
Answers on the Grid
Answers color-coded by a green-red scale on the quiz's grid according to % correct below.
Afghanistan
Armenia
Azerbaijan
Bahrain
Bangladesh
Bhutan
Brunei
Cambodia
China
Cyprus
East Timor
Georgia
India
Indonesia
Iran
Iraq
Israel
Japan
Jordan
Kazakhstan
Kuwait
Kyrgyzstan
Laos
Lebanon
Malaysia
Maldives
Mongolia
Myanmar
Nepal
North Korea
Oman
Pakistan
Philippines
Qatar
Saudi Arabia
Singapore
South Korea
Sri Lanka
Syria
Taiwan
Tajikistan
Thailand
Turkey
Turkmenistan
United Arab Emirates
Uzbekistan
Vietnam
Yemen
 
Answer Stats
Answer % Correct
China
73%
Afghanistan
60%
India
60%
Nepal
56%
Bhutan
53%
Kazakhstan
50%
Japan
49%
Kyrgyzstan
46%
Azerbaijan
38%
Pakistan
38%
Armenia
37%
Mongolia
36%
Georgia
35%
Iran
33%
Tajikistan
32%
Uzbekistan
26%
Turkey
14%
Indonesia
12%
Myanmar
10%
No matching quizzes found
Score Distribution
Percent of People with Each Score
Percentile by Number Answered
Your Score History
You have not taken this quiz since the last reset